01012cam a2200277 a 450000100100000000500170001000800410002703500350006804000300010308200170013310000440015024501010019426000290029530000210032449000260034550400280037165000290039965000420042870000400047083000340051091000360054491000070058004900090058795201210059699900170071700001830320200929165439.0881117s1968 sp 000 p spa d aOCLC ocm18775620 from D970211T aDO-SdBNPcCUYdEQOdBNPHU a861.5bC198p1 aCampoamor, Ramón de,d1817-19019988014aLos pequeños poemas /cRamón de Campoamor ; introducción y prólogo de Salustiano Masó. aMadrid :bTaurus,c1968. a239 p. ;c18 cm.1 aTemas de Españav71 aBibliografías: 25-26. 4aPoesía española9631 4aLiteratura españolaySIGLO XX933261 aMasó, Salustiano,epról.929539 0aTemas de España ;v7196849 aCatalogación derivada /Oxford aWM aBNGR 001054708MOaGRbGRcHDd2010-04-27iLF1l0o861.5 C198pp18303-10r2020-06-25w2020-06-25y4ZPréstamo en sala c17824d17824